[Event "Open"]
[Site "Louviers"]
[Date "2008.05.08"]
[Round "2"]
[White "Saint-Gilles, Damien"]
[Black "Haudrechy, Daniel"]
[Result "0-1"]
[WhiteElo "1620"]
[BlackElo "1820"]
[PlyCount "86"]
[EventDate "2008.05.18"]
[SourceDate "2008.05.18"]

1. e4 c5 2. Nf3 d6 3. d4 cxd4 4. Qxd4 Nc6 5. Bb5 Bd7 6. Bxc6 Bxc6 7. Nc3 Nf6 8.
O-O g6 9. Be3 Bg7 10. Rfe1 O-O 11. Qb4 Qc7 12. Rad1 b6 13. Qc4 Rac8 14. Bg5 Qb7
15. Qd3 h6 16. Bh4 Rfd8 17. Qe3 Kh7 18. Bg3 Nd7 19. Nd5 Re8 20. Qf4 Bxd5 21.
exd5 Nf6 22. c3 Rc5 23. c4 b5 24. b3 bxc4 25. bxc4 Qa6 26. Nd2 Kg8 27. Qe3 Ra5
28. Qb3 Rxa2 29. Ne4 Nxe4 30. Rxe4 Ra1 31. h3 Rxd1+ 32. Qxd1 f5 33. Re1 Bf6 34.
Qb3 Rc8 35. Rc1 Qb6 36. Qd3 Qd4 37. Qe2 Be5 38. Kh1 Rc7 39. Bxe5 dxe5 40. Qa2
Kg7 41. Qa3 Qxf2 42. c5 Qd2 43. Qa1 Qxd5 0-1

[Event "Open"]
[Site "Louviers"]
[Date "2008.05.08"]
[Round "2"]
[White "Delengaigne, Gregory"]
[Black "Ferrant, Christophe"]
[Result "0-1"]
[WhiteElo "1490"]
[BlackElo "2151"]
[PlyCount "42"]
[EventDate "2008.05.18"]
[SourceDate "2008.05.18"]

1. e4 c5 2. c3 d6 3. d4 Nf6 4. Bd3 Nc6 5. Nf3 Bg4 6. Nbd2 cxd4 7. cxd4 Nxd4 8.
Qa4+ Nc6 9. h3 Bd7 10. Nb3 e6 11. Bg5 Be7 12. O-O-O O-O 13. Bb5 a6 14. Bxc6
Bxc6 15. Qb4 Rc8 16. Kd2 Nxe4+ 17. Ke3 Bxg5+ 18. Nxg5 Qxg5+ 19. Ke2 Qxg2 20.
Rhg1 Qxf2+ 21. Kd3 Bb5+ 0-1

[Event "Open"]
[Site "Louviers"]
[Date "2008.05.08"]
[Round "2"]
[White "Vallobra, Pierre"]
[Black "Bonte, Gerard"]
[Result "1-0"]
[WhiteElo "1906"]
[BlackElo "1640"]
[PlyCount "65"]
[EventDate "2008.05.18"]
[SourceDate "2008.05.18"]

1. d4 Nf6 2. c4 g6 3. Nc3 Bg7 4. e4 d6 5. Nf3 O-O 6. Be2 c5 7. d5 Ng4 8. O-O
Ne5 9. Nd2 f5 10. f4 Ng4 11. Bxg4 Bd4+ 12. Kh1 fxg4 13. Ne2 e5 14. Nb3 h5 15.
Nexd4 cxd4 16. fxe5 dxe5 17. Bh6 Rxf1+ 18. Qxf1 Qe7 19. Qf2 Nd7 20. Rf1 b5 21.
d6 Qe6 22. Nxd4 exd4 23. Qxd4 Qe5 24. Rf8+ Kh7 25. Qxe5 Nxe5 26. Bf4 Kg7 27.
Re8 Nc6 28. d7 Bb7 29. Bb8 Kf7 30. e5 a5 31. e6+ Kf6 32. Bd6 Ra7 33. e7 1-0

[Event "Open"]
[Site "Louviers"]
[Date "2008.05.08"]
[Round "2"]
[White "Bordelet, Louis"]
[Black "Deheij, Gerrit"]
[Result "1/2-1/2"]
[WhiteElo "1840"]
[BlackElo "1480"]
[PlyCount "76"]
[EventDate "2008.05.18"]
[SourceDate "2008.05.18"]

1. e4 d6 2. d4 g6 3. Nf3 Bg7 4. Be2 Bd7 5. O-O c5 6. Re1 e6 7. Nc3 a6 8. a4
cxd4 9. Nxd4 Nc6 10. Be3 Nge7 11. Nf3 O-O 12. Qxd6 Nc8 13. Qd2 Qa5 14. Qxd7 Rd8
15. Qxb7 N8e7 16. Qb6 Bxc3 17. bxc3 Qxc3 18. Qc5 Qg7 19. Red1 Rdc8 20. Qa3 Rc7
21. Rd2 a5 22. Rad1 Rcc8 23. Nd4 h6 24. Nxc6 Nxc6 25. Bd4 Nxd4 26. Rxd4 Rxc2
27. Rd8+ Rxd8 28. Rxd8+ Kh7 29. Bb5 Qf6 30. Qf3 Qxd8 31. Qxf7+ Kh8 32. g3 Qg8
33. Qf6+ Kh7 34. e5 Rc7 35. h4 Qf7 36. Qd8 Rc1+ 37. Bf1 Rc2 38. Qd4 Qc7 1/2-1/2

[Event "Open"]
[Site "Louviers"]
[Date "2008.05.08"]
[Round "2"]
[White "Rousselin, Marc"]
[Black "Lecoeur, Boris"]
[Result "1-0"]
[WhiteElo "1480"]
[BlackElo "1754"]
[PlyCount "39"]
[EventDate "2008.05.18"]
[SourceDate "2008.05.18"]

1. e4 c5 2. Nf3 d6 3. d4 cxd4 4. Nxd4 Nf6 5. Nc3 a6 6. Be3 e6 7. f3 Be7 8. Qd2
Nbd7 9. O-O-O Qc7 10. g4 Nb6 11. h4 O-O 12. Qf2 Nc4 13. Bxc4 Qxc4 14. Kb1 b5
15. h5 Bb7 16. g5 Nd7 17. g6 fxg6 18. hxg6 b4 19. Rxh7 Ne5 20. Rh8+ 1-0

[Event "Open"]
[Site "Louviers"]
[Date "2008.05.08"]
[Round "2"]
[White "Blaise, Geoffrey"]
[Black "Mezier, Pascal"]
[Result "1-0"]
[WhiteElo "1730"]
[BlackElo "1280"]
[PlyCount "115"]
[EventDate "2008.05.18"]
[SourceDate "2008.05.18"]

1. e4 e5 2. Nf3 d6 3. d4 Nc6 4. dxe5 dxe5 5. Qxd8+ Kxd8 6. Bc4 h6 7. Bxf7 Bg4
8. Nc3 Bxf3 9. gxf3 Nd4 10. Kd1 Nxf3 11. Be3 c6 12. Ne2 Nf6 13. Ng3 Nd4 14. c3
Nb5 15. Kc2 Ng4 16. Nf5 Nxe3+ 17. Nxe3 Kc7 18. Nf5 Nd6 19. Nxd6 Bxd6 20. Rhg1
g5 21. f3 Rhf8 22. Bh5 Rf4 23. Bg4 Bc5 24. Rgd1 Bd6 25. b4 Rh8 26. Bh5 b5 27.
Rd2 c5 28. Rad1 Rd8 29. bxc5 Be7 30. Rxd8 Bxd8 31. Bg4 Rf7 32. Kb3 Rh7 33. h3
h5 34. Bf5 Rf7 35. c4 bxc4+ 36. Kxc4 Bf6 37. Rd6 Bg7 38. Kb5 Bf8 39. Rc6+ Kd8
40. Rc8+ Ke7 41. c6 Kd6 42. c7 Rxc7 43. Rxf8 Rc5+ 44. Kb4 a5+ 45. Kb3 Rb5+ 46.
Kc2 Kc5 47. Rg8 Kd4 48. Rxg5 Rc5+ 49. Kb2 Kd3 50. Rxh5 Rb5+ 51. Ka3 Ke3 52. h4
Rc5 53. Rh8 Kxf3 54. h5 Rc3+ 55. Kb2 Rc4 56. h6 a4 57. h7 Rb4+ 58. Kc3 1-0

[Event "Open"]
[Site "Louviers"]
[Date "2008.05.08"]
[Round "2"]
[White "Arinal, Serge"]
[Black "Varigault, Nicole"]
[Result "1-0"]
[WhiteElo "1680"]
[BlackElo "1200"]
[PlyCount "67"]
[EventDate "2008.05.18"]
[SourceDate "2008.05.18"]

1. Nf3 e6 2. c4 Nf6 3. Nc3 d6 4. g3 c5 5. Bg2 Nc6 6. O-O Be7 7. a3 O-O 8. Qc2
h6 9. d3 Nd4 10. Nxd4 cxd4 11. Ne4 Nh7 12. b4 f5 13. Nd2 Rb8 14. Bb2 e5 15. Nf3
Bd7 16. b5 b6 17. Rfe1 Bf6 18. a4 Be6 19. e3 Ng5 20. exd4 Nxf3+ 21. Bxf3 Rc8
22. dxe5 dxe5 23. Bxe5 g5 24. Rad1 g4 25. Bb7 Bxe5 26. Rxe5 Qd6 27. Rde1 Rfe8
28. Bxc8 Rxc8 29. Rxe6 Qd4 30. Qe2 Qd7 31. Re7 Qd8 32. Qe6+ Kh8 33. Qf6+ Kg8
34. Qg7# 1-0

[Event "Open"]
[Site "Louviers"]
[Date "2008.05.08"]
[Round "2"]
[White "Lierville, Patrick"]
[Black "Voegele, Francois-Marie"]
[Result "1-0"]
[WhiteElo "1660"]
[BlackElo "1070"]
[PlyCount "29"]
[EventDate "2008.05.18"]
[SourceDate "2008.05.18"]

1. Nf3 d5 2. d4 Nf6 3. Bg5 Bd7 4. e3 Nc6 5. a3 e6 6. b4 Bd6 7. c4 O-O 8. Nbd2
Qe7 9. c5 Qe8 10. cxd6 cxd6 11. Bxf6 gxf6 12. Nh4 Qd8 13. Qh5 Ne7 14. Bd3 Qc7
15. Qxh7# 1-0

[Event "Open"]
[Site "Louviers"]
[Date "2008.05.08"]
[Round "2"]
[White "Jolly, Hugo"]
[Black "Aknouche, Abdesslem"]
[Result "0-1"]
[WhiteElo "1099"]
[BlackElo "1670"]
[PlyCount "80"]
[EventDate "2008.05.18"]
[SourceDate "2008.05.18"]

1. c4 g6 2. Nc3 Bg7 3. g3 c6 4. Bg2 Nf6 5. e4 e5 6. Nge2 O-O 7. O-O d6 8. b4
Be6 9. c5 d5 10. exd5 cxd5 11. d4 Nc6 12. dxe5 Nxe5 13. Bf4 Nc4 14. b5 Re8 15.
Bg5 h6 16. Bxf6 Bxf6 17. Nf4 Bxc3 18. Rb1 Rb8 19. Qd3 Bg7 20. b6 axb6 21. cxb6
Nxb6 22. Qe3 d4 23. Qd2 Nc4 24. Qd3 Ne5 25. Qd1 Re7 26. a4 d3 27. a5 d2 28. a6
bxa6 29. Rxb8 Qxb8 30. Qxd2 Nc4 31. Qc1 Nd6 32. Rd1 Nf5 33. Qc6 a5 34. Nxe6
Rxe6 35. Qd7 Rd6 36. Rxd6 Qxd6 37. Qe8+ Bf8 38. Be4 Kg7 39. g4 Nh4 40. Kf1 Qd1#
0-1

[Event "Open"]
[Site "Louviers"]
[Date "2008.05.08"]
[Round "2"]
[White "Lefebvre, Richard"]
[Black "Javor, Besim"]
[Result "0-1"]
[WhiteElo "1820"]
[BlackElo "1957"]
[PlyCount "60"]
[EventDate "2008.05.18"]
[SourceDate "2008.05.18"]

1. e4 e5 2. Nf3 Nc6 3. Bb5 Bc5 4. O-O Qe7 5. c3 a6 6. Bxc6 dxc6 7. d4 exd4 8.
cxd4 Bb6 9. h3 Bd7 10. Nc3 O-O-O 11. Bg5 f6 12. Be3 Kb8 13. Qc2 g5 14. Rab1 g4
15. hxg4 Bxg4 16. Nh2 Bc8 17. Ne2 h5 18. b4 Nh6 19. f3 Qg7 20. a4 Rhg8 21. Nf4
Bxd4 22. Bxd4 Rxd4 23. b5 Qg5 24. bxc6 Qxf4 25. Rxb7+ Bxb7 26. Qb2 Rxg2+ 27.
Qxg2 Rd2 28. Qh3 Bc8 29. Rb1+ Ka7 30. Qxh5 Qg3+ 0-1

[Event "Open"]
[Site "Louviers"]
[Date "2008.05.08"]
[Round "2"]
[White "Criton, Roland"]
[Black "Roussel, Julien"]
[Result "1-0"]
[WhiteElo "1954"]
[BlackElo "1599"]
[PlyCount "55"]
[EventDate "2008.05.18"]
[SourceDate "2008.05.18"]

1. d4 d5 2. Nf3 Nf6 3. c4 c6 4. Nc3 e6 5. e3 Nbd7 6. Bd3 dxc4 7. Bxc4 b5 8. Bb3
Bd6 9. O-O O-O 10. a3 a6 11. Qe2 Bb7 12. e4 e5 13. Bg5 exd4 14. Nxd4 Nc5 15.
Rad1 Be5 16. Ne6 Qe7 17. Nxf8 Nxb3 18. Bxf6 Bxf6 19. Nd7 Bxc3 20. bxc3 Qxa3 21.
Qh5 Re8 22. Ne5 g6 23. Qg5 Qc5 24. Rd8 Rxd8 25. Qxd8+ Kg7 26. Qc7 Qxc3 27.
Qxf7+ Kh6 28. Qf8+ 1-0

[Event "Open"]
[Site "Louviers"]
[Date "2008.05.08"]
[Round "2"]
[White "Leguillon, David"]
[Black "Ernouf, Anthony"]
[Result "0-1"]
[WhiteElo "1770"]
[BlackElo "1903"]
[PlyCount "66"]
[EventDate "2008.05.18"]
[SourceDate "2008.05.18"]

1. d4 Nf6 2. Nf3 g6 3. Bg5 Bg7 4. Nbd2 O-O 5. e4 d6 6. h3 Nbd7 7. b4 e5 8. d5
c5 9. c3 a5 10. a3 axb4 11. axb4 Rxa1 12. Qxa1 cxb4 13. cxb4 Qb6 14. Qc3 Nxd5
15. exd5 e4 16. Qa3 exf3 17. Nxf3 Re8+ 18. Be3 Qc7 19. Kd2 Nb6 20. Bb5 Nc4+ 21.
Bxc4 Qxc4 22. Rc1 Qxd5+ 23. Ke1 Bxh3 24. Qa4 b5 25. Qa6 Bxg2 26. Rc8 Bc3+ 27.
Rxc3 Bxf3 28. Qa1 Bg4 29. Qc1 Qf3 30. Qc2 d5 31. Rd3 d4 32. Rxd4 Rxe3+ 33. fxe3
Qxe3+ 0-1

[Event "Open"]
[Site "Louviers"]
[Date "2008.05.09"]
[Round "3"]
[White "Le Bourhis, Dominique"]
[Black "Criton, Roland"]
[Result "1-0"]
[WhiteElo "2104"]
[BlackElo "1954"]
[PlyCount "153"]
[EventDate "2008.05.18"]
[SourceDate "2008.05.18"]

1. Nf3 Nf6 2. c4 c6 3. d4 d5 4. Nc3 e6 5. Bg5 Be7 6. e3 Nbd7 7. cxd5 Nxd5 8.
Bxe7 Qxe7 9. Rc1 O-O 10. Bd3 Nb4 11. Bb1 e5 12. a3 exd4 13. Qxd4 Na6 14. Ne4
Nf6 15. Nxf6+ Qxf6 16. Qxf6 gxf6 17. Rc4 Kg7 18. Rh4 h6 19. Nd4 Be6 20. Ne2
Rad8 21. Nf4 f5 22. Ne2 Nc5 23. Nd4 Rd5 24. Ke2 Rfd8 25. Rf4 Kf6 26. Rc1 Re5
27. g4 Rxd4 28. Rxd4 Nb3 29. Rcd1 Nxd4+ 30. Rxd4 fxg4 31. Rb4 b5 32. Rf4+ Kg5
33. Be4 c5 34. Bc6 Bc4+ 35. Kd2 f5 36. Kc3 a5 37. a4 Bd5 38. Bxb5 Re4 39. Rxe4
fxe4 40. Bc4 Bc6 41. b3 Kh4 42. Bf1 Bd7 43. Kc4 Be6+ 44. Kxc5 Bxb3 45. Kb5 h5
46. Kxa5 Bc2 47. Kb4 Bd3 48. Bxd3 exd3 49. Kc3 Kh3 50. a5 Kxh2 51. a6 Kg2 52.
a7 Kxf2 53. Kxd3 g3 54. a8=Q g2 55. Qf8+ Kg3 56. Qf4+ Kh3 57. Qg5 h4 58. Qf5+
Kg3 59. Qe5+ Kh3 60. Qe6+ Kg3 61. Qd6+ Kh3 62. Qd7+ Kg3 63. Qc7+ Kh3 64. Qc8+
Kg3 65. Qc1 Kh2 66. Qe1 h3 67. Qf2 Kh1 68. Qg3 h2 69. Qf3 Kg1 70. Qd1+ Kf2 71.
Qc2+ Kg3 72. Qc7+ Kh3 73. Qh7+ Kg3 74. Qg6+ Kh3 75. Qh6+ Kg3 76. Qf4+ Kh3 77.
Qf3+ 1-0

[Event "Open"]
[Site "Louviers"]
[Date "2008.05.09"]
[Round "3"]
[White "Vigneron, Frederic"]
[Black "Blaise, Geoffrey"]
[Result "1/2-1/2"]
[WhiteElo "1997"]
[BlackElo "1730"]
[PlyCount "114"]
[EventDate "2008.05.18"]
[SourceDate "2008.05.18"]

1. d4 Nf6 2. c4 e6 3. Nf3 c5 4. Nc3 d5 5. e3 Be7 6. Be2 O-O 7. O-O b6 8. b3 Bb7
9. Bb2 cxd4 10. exd4 Nbd7 11. Rc1 Rc8 12. Ne5 dxc4 13. bxc4 Nxe5 14. dxe5 Qxd1
15. Rcxd1 Ne8 16. Rd7 Rc7 17. Rfd1 a6 18. Rxc7 Nxc7 19. Rd7 Bd8 20. Ba3 Bc6 21.
Rd6 Ba8 22. Rxb6 Re8 23. Rb8 Bg5 24. Rxe8+ Nxe8 25. g3 Bd2 26. Na4 Bc6 27. Nb6
f6 28. Nc8 Bb7 29. Nd6 Nxd6 30. exd6 Ba5 31. c5 Kf7 32. Bc4 f5 33. h3 g5 34.
Kf1 Bd8 35. Ke2 Bf6 36. Ke3 h5 37. Be2 g4 38. h4 Ke8 39. Bc4 Kd7 40. Ke2 a5 41.
Bc1 e5 42. a4 Bc6 43. Bb5 f4 44. gxf4 exf4 45. Bxf4 Bxh4 46. Bd2 Bd8 47. Kf1 h4
48. Kg1 h3 49. Kh2 Bf6 50. Bxc6+ Kxc6 51. Be3 Bc3 52. f3 Be5+ 53. f4 Bc3 54.
Bf2 Bf6 55. Bg1 Bh4 56. f5 Kd7 57. f6 Bxf6 1/2-1/2

[Event "Open"]
[Site "Louviers"]
[Date "2008.05.09"]
[Round "3"]
[White "Ferrant, Christophe"]
[Black "Duverne, Jean-Marie"]
[Result "1-0"]
[WhiteElo "2151"]
[BlackElo "2142"]
[PlyCount "97"]
[EventDate "2008.05.18"]
[SourceDate "2008.05.18"]

1. e4 e6 2. d4 d5 3. Nd2 Nf6 4. e5 Nfd7 5. Bd3 c5 6. c3 Nc6 7. Ne2 cxd4 8. cxd4
Qb6 9. Nf3 Bb4+ 10. Bd2 Bxd2+ 11. Qxd2 Qb4 12. O-O Qxd2 13. Nxd2 Nb6 14. Rac1
Bd7 15. Nb3 Nb4 16. Bb1 Bb5 17. Rfe1 Bxe2 18. Rxe2 Rc8 19. Rxc8+ Nxc8 20. a3
Nc6 21. Bd3 N8e7 22. f4 g6 23. Kf2 b6 24. Bb5 Kd7 25. Rc2 Rc8 26. g4 Rc7 27.
Ke3 Kc8 28. h4 Kb7 29. Bd3 a5 30. Rh2 a4 31. Nd2 Na5 32. h5 Nc4+ 33. Nxc4 dxc4
34. Be4+ Ka6 35. hxg6 hxg6 36. Kd2 Kb5 37. Rh7 Nc6 38. Kc3 Nd8 39. Bxg6 Kc6 40.
Be4+ Kd7 41. f5 exf5 42. gxf5 Rc8 43. d5 Rc5 44. f6 Kc7 45. e6 Nxe6 46. dxe6
Kd6 47. e7 Re5 48. Kd4 b5 49. Rh8 1-0

[Event "Open"]
[Site "Louviers"]
[Date "2008.05.09"]
[Round "3"]
[White "Mouhamad, Joachin"]
[Black "Boursier, Xavier"]
[Result "0-1"]
[WhiteElo "1899"]
[BlackElo "2029"]
[PlyCount "116"]
[EventDate "2008.05.18"]
[SourceDate "2008.05.18"]

1. e4 e6 2. d4 d5 3. e5 c5 4. c3 Nc6 5. Nf3 Qb6 6. a3 Nh6 7. b4 cxd4 8. cxd4
Nf5 9. Bb2 Bd7 10. g4 Nh6 11. h3 Be7 12. Nc3 O-O 13. Bd3 f6 14. Na4 Qd8 15. Bc2
fxe5 16. dxe5 Be8 17. Nc5 Bxc5 18. bxc5 Qa5+ 19. Kf1 Qb5+ 20. Qe2 Qxc5 21. Rc1
Qb6 22. Kg2 Ne7 23. Bd4 Qa5 24. Bc5 Ng6 25. Bxg6 Bxg6 26. Bxf8 Rxf8 27. Nd4
Qxa3 28. Rhd1 Qe7 29. Rc3 Nf7 30. f3 Nd8 31. Rdc1 Be8 32. Qa2 Qg5 33. Qe2 Qf4
34. Qd1 Bc6 35. Rb3 h5 36. Rb4 h4 37. Qe1 Qg5 38. Ra1 a6 39. Rb2 Qf4 40. Rd1 g5
41. Re2 Bb5 42. Re3 Bc4 43. Kh1 Rf7 44. Rd2 Rc7 45. Rd1 Rc5 46. Qb4 Qxe3 47.
Qxc5 Be2 48. Qc8 Bxf3+ 49. Nxf3 Qxf3+ 50. Kh2 Qe2+ 51. Kg1 Qxd1+ 52. Kg2 Qe2+
53. Kh1 Qf3+ 54. Kg1 Qg3+ 55. Kf1 Qxh3+ 56. Ke1 Qg3+ 57. Kd2 Qf4+ 58. Kd3 Qc4+
0-1

[Event "Open"]
[Site "Louviers"]
[Date "2008.05.09"]
[Round "3"]
[White "Rodange, Barbara"]
[Black "Bordelet, Louis"]
[Result "1/2-1/2"]
[WhiteElo "1726"]
[BlackElo "1840"]
[PlyCount "86"]
[EventDate "2008.05.18"]
[SourceDate "2008.05.19"]

1. c4 e5 2. Nc3 f5 3. Nf3 d6 4. e3 Nf6 5. d4 e4 6. Nd2 Be7 7. Be2 O-O 8. O-O
Nc6 9. a3 Qe8 10. b4 Bd8 11. Qb3 Kh8 12. Bb2 Qg6 13. Rfe1 f4 14. Bf1 f3 15. Kh1
Bf5 16. Nd1 Qh5 17. d5 Ne5 18. Bxe5 dxe5 19. Qc3 Be7 20. Nb3 b6 21. c5 Nxd5 22.
Qxe5 c6 23. Rc1 Rad8 24. Nd4 bxc5 25. bxc5 Rf6 26. Nc3 Qf7 27. Nxd5 Rxd5 28.
Qb8+ Qf8 29. Qxf8+ Bxf8 30. Nb3 Bd7 31. Red1 Bg4 32. Rxd5 cxd5 33. c6 Bd6 34.
c7 Rf8 35. Nd4 Rc8 36. Nb5 Be5 37. Rc5 Be6 38. Bc4 a6 39. Na7 Rxc7 40. Rxc7
Bxc7 41. Bxa6 d4 42. exd4 Bb6 43. Nb5 Bc4 1/2-1/2

[Event "Open"]
[Site "Louviers"]
[Date "2008.05.09"]
[Round "3"]
[White "Roussel, Julien"]
[Black "Lefebvre, Richard"]
[Result "1/2-1/2"]
[WhiteElo "1599"]
[BlackElo "1820"]
[PlyCount "110"]
[EventDate "2008.05.18"]
[SourceDate "2008.05.19"]

1. d4 Nf6 2. c4 g6 3. Nc3 d5 4. cxd5 Nxd5 5. e4 Nxc3 6. bxc3 Bg7 7. Bc4 c5 8.
Ne2 Nc6 9. Be3 O-O 10. O-O Bg4 11. f3 Na5 12. Bd3 cxd4 13. cxd4 Be6 14. d5 Bxa1
15. Qxa1 f6 16. Rd1 Bc8 17. h4 b6 18. h5 g5 19. h6 Bb7 20. Bxg5 Rc8 21. e5 fxg5
22. e6 Rf6 23. Qe5 Qf8 24. Qxg5+ Kh8 25. Ng3 Qxh6 26. Qxh6 Rxh6 27. Nf5 Rf6 28.
Nxe7 Rd8 29. Be2 Kg7 30. g4 Kf8 31. Nf5 Rxf5 32. gxf5 Rxd5 33. f6 Rxd1+ 34.
Bxd1 Bd5 35. e7+ Ke8 36. f4 b5 37. a4 b4 38. Kf2 b3 39. Ke3 Bf7 40. Kd2 h5 41.
Be2 Kd7 42. Kc3 h4 43. Kb2 h3 44. Bg4+ Kd6 45. Bxh3 Nb7 46. Bf1 Nc5 47. Bc4 Bg6
48. Bb5 Nd7 49. f5 Bf7 50. Bc4 Bh5 51. e8=Q Bxe8 52. f7 Bxf7 53. Bxf7 Ke5 54.
Bxb3 Kxf5 55. a5 Ke5 1/2-1/2

[Event "Open"]
[Site "Louviers"]
[Date "2008.05.09"]
[Round "3"]
[White "Deheij, Gerrit"]
[Black "Saint-Gilles, Damien"]
[Result "0-1"]
[WhiteElo "1480"]
[BlackElo "1620"]
[PlyCount "108"]
[EventDate "2008.05.18"]
[SourceDate "2008.05.19"]

1. e4 e5 2. Nf3 Nf6 3. Nxe5 d6 4. Nf3 Nxe4 5. Nc3 Nxc3 6. dxc3 Bf5 7. Bd3 Qe7+
8. Be3 Bxd3 9. cxd3 Nc6 10. O-O Qd7 11. b4 Be7 12. a4 O-O 13. Qd2 Bf6 14. d4
Ne7 15. Qc2 Qg4 16. Rae1 Rfe8 17. Re2 Nd5 18. Rfe1 Re6 19. Qd2 Rae8 20. Kf1 Kf8
21. a5 h6 22. c4 Nxe3+ 23. Rxe3 Qf5 24. d5 Rxe3 25. Rxe3 Rxe3 26. fxe3 Qe4 27.
Qc1 Qd3+ 28. Kf2 Bc3 29. c5 Bxb4 30. cxd6 Bxd6 31. g3 Qxd5 32. Qc3 a6 33. Nh4
Qe5 34. Qd3 Qxa5 35. Qh7 Qa2+ 36. Kf3 Qb2 37. Qh8+ Ke7 38. Nf5+ Kd7 39. Nxg7
Qe5 40. Qg8 Qe7 41. Ke2 a5 42. Nf5 Qe6 43. Nd4 Qc4+ 44. Kf2 Bc5 45. Qg4+ Ke8
46. Qc8+ Ke7 47. Qxc7+ Kf8 48. Qd8+ Kg7 49. Nf5+ Kg6 50. Nh4+ Kh7 51. Qxa5 b5
52. Qa6 Bb4 53. Qf6 Bc3 54. Qf5+ Kg7 0-1

[Event "Open"]
[Site "Louviers"]
[Date "2008.05.09"]
[Round "3"]
[White "Lecoeur, Boris"]
[Black "Delengaigne, Gregory"]
[Result "1-0"]
[WhiteElo "1745"]
[BlackElo "1490"]
[PlyCount "59"]
[EventDate "2008.05.18"]
[SourceDate "2008.05.19"]

1. d4 Nf6 2. c4 e5 3. dxe5 Ng4 4. Nf3 Bc5 5. e3 d6 6. Be2 O-O 7. Nc3 dxe5 8.
O-O f5 9. a3 Nc6 10. b4 Be7 11. e4 fxe4 12. Nxe4 Bf5 13. Nfd2 Qd4 14. Bxg4 Bxe4
15. Nb3 Qxc4 16. Qd7 Kh8 17. Be6 Qc3 18. Bd2 Qd3 19. Qxc7 Nd4 20. Qxe7 Nxb3 21.
Bxb3 Qxb3 22. Qxe5 Qd5 23. Qxd5 Bxd5 24. Rac1 Rad8 25. Rfe1 g6 26. Bc3+ Kg8 27.
Bb2 b5 28. Rc7 a6 29. Rg7+ Kh8 30. Rxg6+ 1-0

[Event "Open"]
[Site "Louviers"]
[Date "2008.05.09"]
[Round "3"]
[White "Dubost, Florian"]
[Black "Leguillon, David"]
[Result "0-1"]
[WhiteElo "1199"]
[BlackElo "1770"]
[PlyCount "84"]
[EventDate "2008.05.18"]
[SourceDate "2008.05.19"]

1. e4 e6 2. d4 d5 3. Nc3 Bb4 4. e5 c5 5. Bd2 a6 6. Nce2 Nc6 7. c3 Ba5 8. f4 g5
9. fxg5 Nge7 10. Nf3 Ng6 11. g3 Bd7 12. Bh3 cxd4 13. cxd4 Bb6 14. Bc3 Na5 15.
b3 Bb5 16. O-O Rc8 17. Bb2 Nc6 18. Kg2 h6 19. gxh6 Rxh6 20. Qd2 Rh8 21. a4 Bxe2
22. Qxe2 Kd7 23. Rac1 Qe7 24. Qd2 Rcg8 25. Ba3 Nh4+ 26. Nxh4 Qxa3 27. Rxf7+ Ne7
28. Nf5 Bd8 29. Nxe7 Bxe7 30. Rc3 Rc8 31. Rxc8 Rxc8 32. Qd3 Rc6 33. g4 Qb2+ 34.
Rf2 Qc1 35. Rf1 Rc2+ 36. Kg1 Qb2 37. Qg3 Qxd4+ 38. Rf2 Bc5 39. g5 Rxf2 40.
Bxe6+ Kxe6 41. Qh3+ Ke7 42. Qh7+ Rf7+ 0-1

[Event "Open"]
[Site "Louviers"]
[Date "2008.05.09"]
[Round "3"]
[White "Bacon, Nicolas"]
[Black "Josse, Sebastien"]
[Result "1-0"]
[WhiteElo "2246"]
[BlackElo "1849"]
[PlyCount "77"]
[EventDate "2008.05.18"]
[SourceDate "2008.05.20"]

1. e4 d5 2. exd5 Qxd5 3. Nc3 Qa5 4. Bc4 Bf5 5. Nf3 e6 6. d4 c6 7. Bd2 Nf6 8.
Ne4 Qc7 9. Ng3 Bg6 10. h4 Nh5 11. Nxh5 Bxh5 12. Qe2 Bd6 13. O-O-O O-O 14. Rdg1
Bg4 15. h5 Nd7 16. Kb1 Bf4 17. Rh4 Nf6 18. Bd3 Rad8 19. Rxg4 Bxd2 20. Nxd2 Nxg4
21. Qxg4 Qe7 22. Qe4 f5 23. Qf4 Qd6 24. Qxd6 Rxd6 25. Nf3 Rf6 26. Re1 b5 27. a4
a6 28. c4 c5 29. cxb5 axb5 30. Bxb5 cxd4 31. Bc4 h6 32. Ne5 Rf8 33. Kc2 Re8 34.
b4 Kf8 35. Kd3 Ke7 36. a5 Ra8 37. a6 Kf6 38. f4 Rb6 39. Nd7+ 1-0

[Event "Open"]
[Site "Louviers"]
[Date "2008.05.09"]
[Round "3"]
[White "Goy, Wilfried"]
[Black "Rousselin, Marc"]
[Result "1-0"]
[WhiteElo "1906"]
[BlackElo "1480"]
[PlyCount "85"]
[EventDate "2008.05.18"]
[SourceDate "2008.05.20"]

1. e4 c5 2. g3 Nc6 3. Bg2 g6 4. Nc3 Bg7 5. Nge2 e6 6. f4 Nge7 7. d3 a6 8. O-O
O-O 9. g4 d5 10. e5 Rb8 11. Ng3 Nd4 12. Nce2 Nxe2+ 13. Qxe2 b5 14. c3 Nc6 15.
Be3 c4 16. Bc5 Re8 17. a3 Bf8 18. Bxf8 Rxf8 19. d4 Ne7 20. h4 f5 21. exf6 Rxf6
22. Rad1 Qd6 23. Qe3 Rf7 24. Rf3 a5 25. Bh3 b4 26. axb4 axb4 27. f5 bxc3 28.
bxc3 Rb6 29. f6 Nc6 30. g5 Na5 31. Rf2 Nb3 32. Ra2 Qb8 33. Nf1 Bd7 34. Qg3
Qxg3+ 35. Nxg3 h5 36. Nf1 Rf8 37. Nh2 Rd6 38. Nf3 e5 39. Bxd7 Rxd7 40. Nxe5 Re8
41. Re2 Rdd8 42. f7+ Kf8 43. fxe8=Q+ 1-0

[Event "Open"]
[Site "Louviers"]
[Date "2008.05.09"]
[Round "3"]
[White "Ernouf, Anthony"]
[Black "Guillaumat, Jean-Pierre"]
[Result "1/2-1/2"]
[WhiteElo "1903"]
[BlackElo "1962"]
[PlyCount "80"]
[EventDate "2008.05.18"]
[SourceDate "2008.05.20"]

1. d4 d5 2. c4 e6 3. Nc3 c6 4. Nf3 Nf6 5. Bg5 Nbd7 6. e3 Qa5 7. Bxf6 Nxf6 8.
Bd3 Bb4 9. Qb3 dxc4 10. Qxc4 Nd5 11. Rc1 Nxc3 12. bxc3 Be7 13. Ne5 O-O 14. f4
Qd5 15. O-O f6 16. Nf3 b5 17. Qb3 Qxb3 18. axb3 a5 19. e4 Bb7 20. Rfe1 Rfd8 21.
g4 g6 22. Kf2 Kg7 23. h4 h6 24. e5 f5 25. gxf5 gxf5 26. Rg1+ Kf7 27. h5 Rg8 28.
c4 b4 29. c5 Ba6 30. Rxg8 Kxg8 31. Bxa6 Rxa6 32. Ra1 Kf7 33. Nd2 Ra8 34. Nc4
Bd8 35. Ke3 Bc7 36. Rg1 Rg8 37. Rxg8 Kxg8 38. Nb6 Kf7 39. Nd7 Ke7 40. Nf6 Kf7
1/2-1/2

[Event "Open"]
[Site "Louviers"]
[Date "2008.05.09"]
[Round "3"]
[White "Didierjean, Tristan"]
[Black "Lierville, Patrick"]
[Result "1/2-1/2"]
[WhiteElo "1832"]
[BlackElo "1660"]
[PlyCount "88"]
[EventDate "2008.05.18"]
[SourceDate "2008.05.20"]

1. d4 d5 2. e3 Nf6 3. Nd2 c6 4. f4 Bf5 5. Be2 h6 6. Ngf3 Nbd7 7. Ne5 Nxe5 8.
fxe5 Ne4 9. Nxe4 Bxe4 10. O-O e6 11. Bf3 Bh7 12. Bh5 g6 13. Bf3 Bg7 14. e4 Qb6
15. Kh1 O-O 16. exd5 cxd5 17. c3 Rac8 18. Qb3 Rc6 19. Qxb6 Rxb6 20. b4 Rc8 21.
Bd2 g5 22. Be2 a6 23. a4 Bc2 24. Ra3 Bf8 25. Rc1 Be4 26. Ra2 Be7 27. a5 Rbc6
28. b5 axb5 29. Bxb5 R6c7 30. Rca1 Rb8 31. Kg1 Kg7 32. g3 Kg6 33. h3 h5 34. Rb2
f6 35. exf6 Bxf6 36. Rf1 Rf7 37. h4 Rbf8 38. hxg5 Bxd4+ 39. cxd4 Rxf1+ 40. Bxf1
Rc8 41. Bh3 Rc4 42. Bxe6 Rxd4 43. Bf4 Rd1+ 44. Kf2 d4 1/2-1/2

[Event "Open"]
[Site "Louviers"]
[Date "2008.05.09"]
[Round "3"]
[White "Javor, Besim"]
[Black "Rouas, Yannick"]
[Result "1-0"]
[WhiteElo "1957"]
[BlackElo "1930"]
[PlyCount "92"]
[EventDate "2008.05.18"]
[SourceDate "2008.05.20"]

1. d4 Nf6 2. Bf4 d5 3. e3 e6 4. Nf3 Bd6 5. Bg5 Nbd7 6. Nbd2 O-O 7. Bd3 c6 8. c3
Re8 9. Qc2 h6 10. Bh4 a5 11. O-O c5 12. Rfe1 cxd4 13. exd4 Be7 14. Bg3 Nb8 15.
Ne5 Nc6 16. Bb5 Bd7 17. Nxd7 Qxd7 18. Nf3 Rec8 19. a4 Ne4 20. Qe2 Nxg3 21. fxg3
Bf6 22. Rf1 Qc7 23. Nh4 Qe7 24. Qg4 Rf8 25. Rae1 Qd8 26. Qh5 Na7 27. Bd3 Nc8
28. Re2 Nd6 29. Ref2 Bg5 30. Re2 Rb8 31. Nf3 g6 32. Bxg6 fxg6 33. Qxg6+ Kh8 34.
h4 Rf6 35. Qh5 Ne4 36. Kh2 Qd6 37. Ne5 Rxf1 38. hxg5 Rh1+ 39. Kxh1 Nxg3+ 40.
Kg1 Nxh5 41. Nf7+ Kg7 42. Nxd6 Nf4 43. gxh6+ Kxh6 44. Re5 Kg7 45. g3 Nd3 46.
Re2 Nc5 1-0

[Event "Open"]
[Site "Louviers"]
[Date "2008.05.09"]
[Round "3"]
[White "Aknouche, Abdesslem"]
[Black "Roussette, Stephane"]
[Result "1/2-1/2"]
[WhiteElo "1670"]
[BlackElo "1870"]
[PlyCount "35"]
[EventDate "2008.05.18"]
[SourceDate "2008.05.20"]

1. d4 c5 2. e3 g6 3. Nf3 Bg7 4. c4 Nf6 5. Bd3 O-O 6. O-O d6 7. h3 Nbd7 8. Nc3
a6 9. a4 b6 10. Ne4 Bb7 11. d5 Nxe4 12. Bxe4 e6 13. dxe6 Bxe4 14. exd7 Qxd7 15.
Qe2 Qf5 16. Ne1 Rad8 17. f3 Bb7 18. e4 1/2-1/2